Регионална библиотека "Любен Каравелов" - Русе

Приключенията на барон Мюнхаузен (Запис номер 9706)

MARC детайли
000 -Лидер
Контролно поле с фиксирана дължина 01543nam a2200385 c 4500
003 - Код на организацията, давaща контролен номер
Контролно поле BLK
005 - Дата и час на последна редакция
Контролно поле 20240710005446.0
008 - Елементи от данни с фиксирана дължина
fixed length control field 180412b bul|||||r ||||||| ||bul||
010 ## - Наследен системен номер
LC control number KNG00011136000
020 ## - Международен стандартен номер на книга ISBN
Международен стандартен номер на книга ISBN 954-597-041-3
-- издат.: Фама
040 ## - Източник на каталожния запис
Идентификатор на билиотеката - собственик на записа BLK
041 ## - Код за език
Код за езика на текст/звукозапис или на отделно заглавие Български
Код за езика КДБФ Български
080 ## - УДК
Текстов определител УДК Немска литература
УДК код - определител по УДК 821.112.2
УДК определител -93-32
УДК - код + определител 821.112.2-93-32
100 1# - Редна дума - Автор
Автор Распе, Рудолф Ерих
Авторска отговорност първи автор
R(LIN) 115325
139 ## - Редно поле
Редна дума Распе, Рудолф Ерих
Авторски знак Рас - Р 38
245 10 - Сведения за заглавието
Заглавие Приключенията на барон Мюнхаузен
Подзаглавни данни Сб. разкази за деца
Редно поле (дума) Рудолф Ерих Распе; преразк. Ангел Иванов Каралийчев; ил. Гюстав Доре.
250 ## - Област на изданието
Сведения за изданието 6. изд.
257 ## - Страна на издаване
Страна на създаване/издаване Германия
260 ## - Област на издателските данни
-- София
Име на издателя, разпространителя и проч. Фама
Година на издаване 1995
Печатница Враца : Полипринт
300 ## - Физическа характеристика
Страници 133 с.
Илюстрации и др. с ил.
Размери/Мащаб 20 см
380 ## - Жанр
Жанр Детска худож. лит.
490 1# - СЕРИИ (Колекции)
Име на серия Световна класика за деца
500 ## - Общи забележки
Забележка 1. изд. 1933 на изд. Хемус. - 5 000 тир.
653 ## - Ключова дума – ненормативна
Ключова дума разкази
653 ## - Ключова дума – ненормативна
Ключова дума детска литература
653 ## - Ключова дума – ненормативна
Ключова дума литература за деца
700 1# - Други автори (авторска отговорност)
Лично име Каралийчев, Ангел Иванов
Дати, свързани с автора 1902-1972
Автороска отговорност (Описва отношението между автора и произведението) преразк.
9 (RLIN) 76702
700 1# - Други автори (авторска отговорност)
Лично име Доре, Гюстав
Автороска отговорност (Описва отношението между автора и произведението) ил.
9 (RLIN) 64690
852 ## - Местоположение
Форматна сигнатура Цб 185875
856 4# - Електронен адрес и достъп
Електронен формат pdf - файл
Път до файла /url/
856 4# - Електронен адрес и достъп
Електронен формат pdf - файл
Път до файла /url/
942 ## - АРТИКУЛИ
Вид на библиотечния материал Книги
Скрит в OPAC Не
944 ## - СЪЗДАВАНЕ И РЕДАКЦИЯ на ЗАПИСА
Създаване/Редакция Създаване
Дата на регистрацията/редакция 15.01.2003
Служител, извършил регистрацията/редакцията
Статус, дата на статуса CRON CRON
944 ## - СЪЗДАВАНЕ И РЕДАКЦИЯ на ЗАПИСА
Създаване/Редакция Редакция
Дата на регистрацията/редакция 08.07.2014
Служител, извършил регистрацията/редакцията
999 ## - СИСТЕМНИ КОНТРОЛНИ НОМЕРА
Koha biblionumber 9706
Koha biblioitemnumber 9706
Наличности
Код за отписване Код за изгубен артикул Източник на класификационната схема Код за повреда Коз за рестрикции Код за отдаване Артикулен № Име на библиотеката - собственик Име на библиотеката, в която се намира в момента Статус (Текущо местоположение) Дата на вписване в системата Местоположение - отдел Цена в лева Инвентарен номер Систематично азбучна сигнатура Баркод Номер на екземпляра Цена в евро Служебна бележка Служебен тип на артикула
  Не е изгубен Universal Decimal Classification Не е повреден без рестрикции ползва се в читалня 16822 Регионална библиотека "Любен Каравелов" Русе Регионална библиотека "Любен Каравелов" Русе Хранилище 2001-01-01 Хранилище 0.51 620289 Цб 185875 120000620289 1 0.26 N: стар фонд Дата: 01.01.1995 Книги
Изтеглен Не е изгубен Universal Decimal Classification Не е повреден без рестрикции заемане за дома 16823 Регионална библиотека "Любен Каравелов" Русе Регионална библиотека "Любен Каравелов" Русе Детски отдел 1995-01-01 Детски отдел 0.75 618062 ДХ 820/899/Р 38 618062 2 0.38 N: стар фонд Дата: 01.01.1995 Дата инв: 05.10.2015 Бележки инв: Д2015 Книги
Изтеглен Не е изгубен Universal Decimal Classification Не е повреден без рестрикции заемане за дома 16824 Регионална библиотека "Любен Каравелов" Русе Регионална библиотека "Любен Каравелов" Русе Детски отдел 1995-01-01 Детски отдел 0.76 618063 ДХ 820/899/Р 38 618063 3 0.39 N: стар фонд Дата: 01.01.1995 Дата инв: 14.09.2015 Бележки инв: Д2015 Книги
Изтеглен Не е изгубен Universal Decimal Classification Не е повреден без рестрикции заемане за дома 16825 Регионална библиотека "Любен Каравелов" Русе Регионална библиотека "Любен Каравелов" Русе Детски отдел 1995-01-01 Детски отдел 0.76 618064 ДХ 820/899/Р 38 618064 4 0.39 N: стар фонд Дата: 01.01.1995 Дата инв: 18.08.2015 Бележки инв: Д2015 Книги
Изтеглен Не е изгубен Universal Decimal Classification Не е повреден без рестрикции заемане за дома 16826 Регионална библиотека "Любен Каравелов" Русе Регионална библиотека "Любен Каравелов" Русе Детски отдел 1995-01-01 Детски отдел 0.76 618177 ДХ 820/899/Р 38 618177 5 0.39 N: стар фонд Дата: 01.01.1995 Дата инв: 10.08.2015 Бележки инв: Д2015 Книги
Изтеглен Не е изгубен Universal Decimal Classification Не е повреден без рестрикции заемане за дома 16827 Регионална библиотека "Любен Каравелов" Русе Регионална библиотека "Любен Каравелов" Русе Детски отдел 1995-01-01 Детски отдел 0.76 618178 ДХ 820/899/Р 38 618178 6 0.39 N: стар фонд Дата: 01.01.1995 Дата инв: 13.08.2015 Бележки инв: Д2015 Книги
Vip Innovations Ltd, Rousse, Bulgaria 2025